Weihnachtsfilme nach Zitat - Statistiken

Allgemein
  • Dieses Quiz wurde 105 mal gespielt
  • Das Durchschnittsergebnis liegt bei 7 aus 15
Antwortstatistiken
Frage Antwort % Korrekt
Ich hasse Weihnachten! Ich hasse es! Der Grinch
84%
Yippiyayee, du Schweinebacke! Stirb langsam
76%
Da es sich nun mal nicht ändern lässt, dass du mein Enkel bist, müssen wir das Beste daraus machen. Der kleine Lord
62%
Früher war mehr Lametta! Weihnachten bei Hoppenstedts
58%
Den Rest kannst du behalten, du Dreckschwein! Kevin – Allein zu Haus
56%
Die Wangen sind mit Asche beschmutzt, aber der Schonsteinfeger ist es nicht… Drei Haselnüsse für Aschenbrödel
51%
Ich sehe es aber das ist ein Traum – regelt da unten etwa ein Polarbär den Verkehr? Santa Clause – Eine schöne Bescherung
47%
Dieser Film ist ein Loblied auf die Schule, aber es ist möglich, dass die Schule es nicht merkt. Die Feuerzangenbowle
42%
"Er hat sich aber so viel Mühe gegeben, Oma!" "Das tun Waschmaschinen auch!" Schöne Bescherung
42%
Also Dad, ich habe unseren Tag geplant. Erst machen wir zwei Stunden lang Schneeengel, dann gehen wir Schlittschuhlaufen, dann essen wir eine ganze Rolle Toll House-Keksteig so schnell wir können und dann kuscheln wir. Buddy – Der Weihnachtself
36%
Wenn Sie überhaupt nichts allein durch Glauben anerkennen, dann sind sie verurteilt zu einem Leben, das von Zweifeln beherrscht wird. Das Wunder von Manhattan
36%
Bah, Humbug! Disneys Eine Weihnachtsgeschichte
36%
Immer wenn ein Glöckchen klingelt, bekommt ein Engel seine Flügel. Ist das Leben nicht schön?
31%
"Was machen sie?" "Sie sehn sich Schneewittchen an. Und es gefällt ihnen." Gremlins – Kleine Monster
20%
Wenn sie mich ansieht, dann setzt mein Gehirn aus. Sissi
11%
Keine übereinstimmenden Quizze gefunden
Verteilung der Resultate
Anzahl Personen mit jedem Resultat
Perzentil nach korrekt beantworteten Fragen
Ihre Resultats-Entwicklung
Sie haben dieses Quiz noch nicht gespielt